[Event "Stari Banovci Vidovdan op"]
[Site "Stari Banovci"]
[Date "2017.07.01"]
[Round "4"]
[White "Petrusic, Velimir"]
[Black "Vukovic, Ilija"]
[Result "1/2-1/2"]
[WhiteElo "2177"]
[BlackElo "1854"]
[PlyCount "79"]
[EventDate "2017.06.28"]
[EventType "swiss"]
[EventRounds "9"]
[EventCountry "SRB"]
[SourceTitle "EXT 2018"]
[Source "ChessBase"]
[SourceDate "2017.10.13"]
[SourceVersion "1"]
[SourceVersionDate "2017.10.13"]
[SourceQuality "1"]

1. d4 Nf6 2. Nc3 d5 3. Bg5 Nbd7 4. e4 dxe4 5. f3 e3 6. Bxe3 e6 7. Bd3 Nb6 8. Qe2 Be7 9. 0-0-0 Nbd5 10. Nxd5 Nxd5 11. Bd2 Nf6 12. f4 0-0 13. Nf3 c5 14. dxc5 Bxc5 15. Bc3 Qe7 16. Qe5 Bb4 17. Bd4 Bd6 18. Qg5 h6 19. Bxf6 hxg5 20. Bxe7 Bxe7 21. fxg5 Rb8 22. h4 b5 23. Ne5 Rb6 24. Rhf1 Bd8 25. Bg6 f6 26. Bf7+ Kh7 27. Bg6+ Kg8 28. Bf7+ Kh7 29. g6+ Kh8 30. Nd7 Bxd7 31. Rxd7 Ra6 32. a3 b4 33. a4 Rxa4 34. Kb1 Ra6 35. Rfd1 Ba5 36. R1d5 exd5 37. Rxd5 f5 38. Rxf5 Rxg6 39. Bxg6 Rxf5 40. Bxf5 1/2-1/2

[Event "Gligoric Cup 4th"]
[Site "Novi Banovci"]
[Date "2017.05.27"]
[Round "4.9"]
[White "Vukovic, Ilija"]
[Black "Ugrcic, Zoran"]
[Result "0-1"]
[WhiteElo "1853"]
[BlackElo "2008"]
[PlyCount "62"]
[EventDate "2017.05.25"]
[EventType "team-swiss"]
[EventRounds "5"]
[EventCountry "SRB"]
[SourceTitle "CBM 178 Extra"]
[Source "ChessBase"]
[SourceDate "2017.06.22"]
[SourceVersion "1"]
[SourceVersionDate "2017.06.22"]
[SourceQuality "1"]
[WhiteTeam "Banovci Dunav"]
[BlackTeam "Belgrade Cukaricki"]
[WhiteTeamCountry "SRB"]
[BlackTeamCountry "SRB"]

1. e4 c5 2. Nf3 Nc6 3. Bb5 Qb6 4. Bxc6 Qxc6 5. Nc3 d6 6. h3 e5 7. 0-0 Nf6 8. d3 Be7 9. Bg5 Be6 10. Be3 h6 11. Nd2 b5 12. f4 exf4 13. Bxf4 Nd7 14. Nf3 Bf6 15. Qc1 Ne5 16. Nxe5 dxe5 17. Be3 c4 18. Qd2 Rd8 19. Bxa7 0-0 20. Be3 Be7 21. Qe2 Rd7 22. Nd5 Bxd5 23. exd5 Rxd5 24. dxc4 bxc4 25. Rad1 Ra5 26. a3 Rb8 27. Bd4 exd4 28. Qxe7 Qa4 29. b3 cxb3 30. cxb3 Qb5 31. Rf3 Rb6 0-1

[Event "SRB-ch sf"]
[Site "Belgrade"]
[Date "2016.03.28"]
[Round "8"]
[White "Vecanski, Dragomir"]
[Black "Vukovic, Ilija"]
[Result "1/2-1/2"]
[WhiteElo "1687"]
[BlackElo "1636"]
[PlyCount "55"]
[EventDate "2016.03.21"]
[EventType "swiss"]
[EventRounds "9"]
[EventCountry "SRB"]
[SourceTitle "CBM 171 Extra"]
[Source "ChessBase"]
[SourceDate "2016.04.26"]
[SourceVersion "1"]
[SourceVersionDate "2016.04.26"]
[SourceQuality "1"]

1. e4 c5 2. d4 cxd4 3. c3 Nf6 4. e5 Nd5 5. cxd4 e6 6. Nc3 d6 7. Bc4 Nxc3 8. bxc3 dxe5 9. dxe5 Qxd1+ 10. Kxd1 Bc5 11. f4 a6 12. Nf3 b5 13. Bd3 Bb7 14. Ke2 Bd5 15. Be3 Nd7 16. Kf2 Bxe3+ 17. Kxe3 Nc5 18. Nd4 g6 19. Rhg1 h5 20. g3 Kd7 21. Rgc1 Rhc8 22. Rc2 Nxd3 23. Kxd3 Rc4 24. a3 Rac8 25. Rac1 Ra4 26. Ra1 Rac4 27. Rac1 Ra4 28. Ra1 1/2-1/2

[Event "SRB-ch sf"]
[Site "Belgrade"]
[Date "2016.03.24"]
[Round "4"]
[White "Berkov, Ivica"]
[Black "Vukovic, Ilija"]
[Result "1-0"]
[WhiteElo "1754"]
[BlackElo "1636"]
[PlyCount "119"]
[EventDate "2016.03.21"]
[EventType "swiss"]
[EventRounds "9"]
[EventCountry "SRB"]
[SourceTitle "CBM 171 Extra"]
[Source "ChessBase"]
[SourceDate "2016.04.26"]
[SourceVersion "1"]
[SourceVersionDate "2016.04.26"]
[SourceQuality "1"]

1. d4 Nf6 2. Nf3 c5 3. c3 e6 4. Bf4 Qb6 5. Qc2 Nc6 6. e3 cxd4 7. cxd4 d5 8. Nc3 Be7 9. Be2 h6 10. Ne5 Nxe5 11. Bxe5 Bd7 12. a3 0-0 13. 0-0 Rfc8 14. Qd2 a6 15. Rfc1 Qa7 16. b4 b6 17. f3 Nh5 18. h3 f5 19. g4 fxg4 20. hxg4 Nf6 21. Kg2 b5 22. Rh1 a5 23. g5 hxg5 24. Qd3 Kf7 25. f4 g4 26. Nxb5 Bxb5 27. Qxb5 axb4 28. axb4 Qxa1 29. Rxa1 Rxa1 30. Bxf6 gxf6 31. Bxg4 Rc2+ 32. Kg3 Rg1+ 33. Kf3 Rcg2 34. Bh5+ Kg7 35. Qe8 Rg3+ 36. Ke2 R3g2+ 37. Kd3 Bxb4 38. Qf7+ Kh6 39. Be2 Rd1+ 40. Kc2 Rd2+ 41. Kb3 Rdxe2 42. Qxf6+ Kh5 43. Qe5+ Kh4 44. Kxb4 Rb2+ 45. Kc5 Rgc2+ 46. Kd6 Rb6+ 47. Ke7 Rb7+ 48. Kf6 Rc6 49. Qg5+ Kh3 50. Ke5 Rb3 51. f5 exf5 52. Kf4 Kh2 53. Kf3 Rxe3+ 54. Qxe3 Kh3 55. Kf4+ Kh2 56. Qd2+ Kh3 57. Qe1 Kh2 58. Qg3+ Kh1 59. Qf3+ Kh2 60. Qxd5 1-0